[Event "CUB-ch Seniors 1st"]
[Site "Granma"]
[Date "2018.11.05"]
[Round "9"]
[White "Ibanez Milian, Dagoberto"]
[Black "Garcia Martinez, Omar"]
[Result "1/2-1/2"]
[WhiteElo "2237"]
[BlackElo "2277"]
[PlyCount "53"]
[EventDate "2018.10.30"]
[EventType "swiss"]
[EventRounds "9"]
[EventCountry "CUB"]
[SourceTitle "EXT 2021"]
[Source "ChessBase"]
[SourceDate "2020.10.23"]
[SourceVersion "1"]
[SourceVersionDate "2020.10.23"]
[SourceQuality "1"]

1. e4 g6 2. Nc3 Bg7 3. Nf3 c5 4. g3 Nc6 5. Bg2 d6 6. 0-0 e6 7. d3 Nge7 8. Be3 Nd4 9. Qd2 h6 10. Ne1 Qa5 11. f4 Bd7 12. Kh1 h5 13. h4 Nec6 14. Nd1 Qxd2 15. Bxd2 Ne7 16. c3 Ndc6 17. Ne3 0-0 18. N1c2 Rfd8 19. Rf2 Rab8 20. Raf1 Bc8 21. Bc1 d5 22. e5 b6 23. d4 Ba6 24. Rd1 cxd4 25. cxd4 Rbc8 26. b3 Bf8 27. Ba3 1/2-1/2

[Event "Francisco Martinez 8th tt"]
[Site "Santa Clara"]
[Date "2018.08.17"]
[Round "4.3"]
[White "Cazulo Ramirez, Jesus David"]
[Black "Ibanez Milian, Dagoberto"]
[Result "0-1"]
[WhiteElo "2220"]
[BlackElo "2243"]
[PlyCount "60"]
[EventDate "2018.08.16"]
[EventType "team-tourn"]
[EventRounds "10"]
[EventCountry "CUB"]
[EventCategory "8"]
[SourceTitle "EXT 2021"]
[Source "ChessBase"]
[SourceDate "2020.10.23"]
[SourceVersion "1"]
[SourceVersionDate "2020.10.23"]
[SourceQuality "1"]

1. e4 c5 2. Nf3 d6 3. d4 cxd4 4. Nxd4 Nf6 5. Nc3 g6 6. Be3 Bg7 7. f3 Nc6 8. Qd2 0-0 9. Bc4 Bd7 10. h4 Rc8 11. Bb3 h5 12. 0-0-0 Ne5 13. Bg5 Rc5 14. Kb1 b5 15. g4 hxg4 16. h5 Nxh5 17. Rxh5 gxh5 18. Nd5 Rxd5 19. Bxd5 Qe8 20. Bh6 e6 21. Qg5 Ng6 22. Nf5 exf5 23. Qxg6 Qe5 24. Bxg7 Qxd5 25. Bxf8+ fxg6 26. Rxd5 Kxf8 27. fxg4 fxg4 28. Kc1 g3 29. Kd2 g2 30. Rg5 Bg4 0-1

[Event "Francisco Martinez 8th tt"]
[Site "Santa Clara"]
[Date "2018.08.16"]
[Round "2.2"]
[White "Gil Alba, Hector Luis"]
[Black "Ibanez Milian, Dagoberto"]
[Result "1/2-1/2"]
[WhiteElo "2245"]
[BlackElo "2243"]
[PlyCount "114"]
[EventDate "2018.08.16"]
[EventType "team-tourn"]
[EventRounds "10"]
[EventCountry "CUB"]
[EventCategory "8"]
[SourceTitle "EXT 2021"]
[Source "ChessBase"]
[SourceDate "2020.10.23"]
[SourceVersion "1"]
[SourceVersionDate "2020.10.23"]
[SourceQuality "1"]

1. e4 e6 2. Nf3 c5 3. d4 cxd4 4. Nxd4 a6 5. Bd3 Qc7 6. 0-0 Nf6 7. Qe2 d6 8. c4 Be7 9. Nc3 Nc6 10. Nxc6 bxc6 11. f4 e5 12. fxe5 dxe5 13. Bg5 Bg4 14. Qe3 Rb8 15. b3 h6 16. Bh4 g5 17. Bf2 Be6 18. Be2 Ng4 19. Bxg4 Bxg4 20. Qg3 Bh5 21. Na4 Bg6 22. Bc5 0-0 23. Qe3 Rfe8 24. Rad1 Rb7 25. Rf2 Rd8 26. Rfd2 Rxd2 27. Rxd2 Bf6 28. Bd6 Qa5 29. Nc5 Ra7 30. Rf2 Bg7 31. Rd2 Qb6 32. Kf2 Ra8 33. Nd7 Qxe3+ 34. Kxe3 f6 35. Nb8 Be8 36. g4 Kf7 37. c5 Bf8 38. Bxf8 Rxb8 39. Bd6 Rb7 40. Rc2 Bd7 41. Rf2 Kg6 42. Be7 Bxg4 43. Bxf6 Rf7 44. Bxe5 Rxf2 45. Kxf2 Kf7 46. Ke3 Bh3 47. Kd4 Ke6 48. Bg7 h5 49. Bh6 Kf6 50. b4 g4 51. Bf4 h4 52. Bc7 Ke6 53. Bd8 g3 54. hxg3 hxg3 55. Bc7 g2 56. Bh2 Bg4 57. Ke3 Bd1 1/2-1/2

[Event "Portela Memorial tt"]
[Site "Havana"]
[Date "2018.07.24"]
[Round "9.3"]
[White "Ibanez Milian, Dagoberto"]
[Black "Otero Marino, Vladimir"]
[Result "1/2-1/2"]
[WhiteElo "2223"]
[BlackElo "1934"]
[PlyCount "34"]
[EventDate "2018.07.16"]
[EventType "team-tourn"]
[EventRounds "9"]
[EventCountry "CUB"]
[SourceTitle "EXT 2021"]
[Source "ChessBase"]
[SourceDate "2020.10.23"]
[SourceVersion "1"]
[SourceVersionDate "2020.10.23"]
[SourceQuality "1"]

1. Nf3 Nf6 2. d4 g6 3. Bf4 Bg7 4. e3 0-0 5. h3 b6 6. Nbd2 Bb7 7. Be2 c5 8. 0-0 Nc6 9. c3 d6 10. Bh2 Qe8 11. Re1 Rd8 12. a4 e5 13. Nc4 Qe6 14. Bf1 e4 15. Nfd2 Ne8 16. dxc5 bxc5 17. Nb3 Ba6 1/2-1/2

[Event "Portela Memorial tt"]
[Site "Havana"]
[Date "2018.07.22"]
[Round "6.2"]
[White "Pulido Alvarez, Ariel"]
[Black "Ibanez Milian, Dagoberto"]
[Result "1/2-1/2"]
[WhiteElo "2289"]
[BlackElo "2223"]
[PlyCount "153"]
[EventDate "2018.07.16"]
[EventType "team-tourn"]
[EventRounds "9"]
[EventCountry "CUB"]
[SourceTitle "EXT 2021"]
[Source "ChessBase"]
[SourceDate "2020.10.23"]
[SourceVersion "1"]
[SourceVersionDate "2020.10.23"]
[SourceQuality "1"]

1. e4 c5 2. Nf3 d6 3. d4 cxd4 4. Nxd4 Nf6 5. Nc3 g6 6. Be3 Bg7 7. f3 Nc6 8. Bc4 Bd7 9. Qd2 0-0 10. 0-0-0 Rc8 11. Bb3 Ne5 12. h4 h5 13. Bg5 Rc5 14. g4 hxg4 15. Bxf6 Bxf6 16. h5 g5 17. fxg4 Bxg4 18. Rdg1 Qa5 19. Qe3 Rfc8 20. Nd5 Rxd5 21. exd5 Qb6 22. Qe4 Rc7 23. h6 Qb4 24. a3 Bf5 25. Qxf5 Qxd4 26. Rxg5+ Bxg5+ 27. Qxg5+ Ng6 28. Rf1 Qd3 29. h7+ Kg7 30. h8Q+ Kxh8 31. Rxf7 Kg8 32. Rf2 Qe4 33. Qg1 Rc8 34. Kb1 Rf8 35. Rxf8+ Kxf8 36. Qxa7 Ne5 37. Qxb7 Nf3 38. Qc8+ Kg7 39. Qc3+ Kf7 40. a4 Qe2 41. Ka2 Nd2 42. Qh3 Qd1 43. Qe6+ Kf8 44. Qf5+ Kg7 45. Qg5+ Kf7 46. Qf5+ Kg7 47. Qd3 Qb1+ 48. Ka3 Qe1 49. Ba2 Ne4 50. c3 Nc5 51. Qc2 Qe3 52. Bb1 Qg5 53. Qh7+ Kf6 54. Qh8+ Kf7 55. Qd4 Qc1 56. Qf2+ Ke8 57. Qc2 Qh1 58. b4 Nd7 59. a5 Qxd5 60. Ba2 Qc6 61. Qg6+ Kd8 62. Qg8+ Kc7 63. Qc4 d5 64. Qxd5 Qxc3+ 65. Ka4 Qc2+ 66. Bb3 Qb2 67. Kb5 Qf6 68. Qe6 Qg5+ 69. Qd5 Qf6 70. Bd1 e5 71. Bg4 Nb8 72. Bf3 Qa6+ 73. Ka4 Nd7 74. Kb3 Qg6 75. Be4 Qg3+ 76. Ka4 Qc3 77. Kb5 1/2-1/2

[Event "Portela Memorial tt"]
[Site "Havana"]
[Date "2018.07.16"]
[Round "1.4"]
[White "Gonzalez Porro, Armando Andres"]
[Black "Ibanez Milian, Dagoberto"]
[Result "1/2-1/2"]
[WhiteElo "2071"]
[BlackElo "2223"]
[PlyCount "149"]
[EventDate "2018.07.16"]
[EventType "team-tourn"]
[EventRounds "9"]
[EventCountry "CUB"]
[SourceTitle "EXT 2021"]
[Source "ChessBase"]
[SourceDate "2020.10.23"]
[SourceVersion "1"]
[SourceVersionDate "2020.10.23"]
[SourceQuality "1"]

1. Nf3 Nf6 2. d4 e6 3. e3 b6 4. Bd3 Bb7 5. 0-0 Be7 6. b3 0-0 7. Bb2 c5 8. Nbd2 d6 9. c4 Nbd7 10. Qe2 a6 11. Rad1 Re8 12. Ng5 h6 13. f4 cxd4 14. exd4 d5 15. Ngf3 Bb4 16. Ne5 Qe7 17. Ndf3 Bd6 18. Bb1 Ne4 19. Nxd7 Qxd7 20. Ne5 Qe7 21. Bxe4 dxe4 22. Qh5 f6 23. Ng4 Qf7 24. Qxf7+ Kxf7 25. Ne3 Rad8 26. f5 exf5 27. Nxf5 Bf8 28. Ne3 h5 29. d5 Bc5 30. Bd4 Bxd4 31. Rxd4 g6 32. b4 f5 33. c5 bxc5 34. bxc5 Kf6 35. g3 Re5 36. Rfd1 g5 37. c6 Ba8 38. c7 Rc8 39. d6 Bc6 40. Nd5+ Rxd5 41. Rxd5 Bd7 42. Rc5 f4 43. Rb1 e3 44. gxf4 gxf4 45. Rxh5 Rg8+ 46. Kf1 f3 47. Re1 Re8 48. Rc1 Kg6 49. c8Q Rxc8 50. Rxc8 Kxh5 51. Rf8 Bb5+ 52. Ke1 Kg4 53. h4 f2+ 54. Rxf2 exf2+ 55. Kxf2 Kxh4 56. Ke3 Kg5 57. Kd4 Kf5 58. a4 Bxa4 59. Kc3 Ke6 60. Kb4 Bb5 61. Kc3 Kxd6 62. Kd4 a5 63. Kc3 Kc5 64. Kb2 Kb4 65. Ka2 Bc4+ 66. Kb2 Ka4 67. Ka1 Ka3 68. Kb1 Kb3 69. Ka1 a4 70. Kb1 Kc3 71. Ka1 Bd3 72. Ka2 Kc2 73. Ka1 Kc1 74. Ka2 Bc2 75. Ka1 1/2-1/2

[Event "Capablanca Memorial op 53rd"]
[Site "Havana"]
[Date "2018.05.16"]
[Round "7"]
[White "Ibanez Milian, Dagoberto"]
[Black "Alfonso Ruisanchez, Laritza"]
[Result "1-0"]
[WhiteElo "2235"]
[BlackElo "1821"]
[PlyCount "92"]
[EventDate "2018.05.09"]
[EventType "swiss"]
[EventRounds "10"]
[EventCountry "CUB"]
[SourceTitle "EXT 2021"]
[Source "ChessBase"]
[SourceDate "2020.10.23"]
[SourceVersion "1"]
[SourceVersionDate "2020.10.23"]
[SourceQuality "1"]

1. e4 c5 2. Nf3 e6 3. g3 Nc6 4. Bg2 Nf6 5. Nc3 d5 6. exd5 exd5 7. d4 Qe7+ 8. Be3 Bg4 9. 0-0 0-0-0 10. h3 Bxf3 11. Bxf3 cxd4 12. Bxd4 Nxd4 13. Qxd4 Qc5 14. Rad1 Qxd4 15. Rxd4 Bc5 16. Rd3 d4 17. Ne2 Rd6 18. c3 Rhd8 19. b4 Bb6 20. c4 R6d7 21. Rfd1 a6 22. c5 Bc7 23. Rxd4 Rxd4 24. Rxd4 Rxd4 25. Nxd4 Be5 26. Nc2 Kc7 27. Kf1 Nd7 28. Bd5 f5 29. f4 Bc3 30. Ke2 Nf6 31. Bf3 g6 32. Kd3 Bb2 33. g4 fxg4 34. hxg4 h5 35. g5 Ng8 36. f5 gxf5 37. Bxh5 Bc1 38. Bf7 Ne7 39. g6 Bh6 40. Nd4 Nc6 41. Nxf5 Ne5+ 42. Ke4 Nxf7 43. gxf7 Bf8 44. Kd5 b6 45. Nd4 Be7 46. Ne6+ Kb7 1-0

[Event "Giraldilla de La Habana tt"]
[Site "Havana"]
[Date "2018.??.??"]
[Round "1.3"]
[White "Ibanez Milian, Dagoberto"]
[Black "Gil Alba, Hector Luis"]
[Result "0-1"]
[WhiteElo "2223"]
[BlackElo "2245"]
[PlyCount "54"]
[EventDate "2018.07.27"]
[EventType "team-tourn"]
[EventRounds "9"]
[EventCountry "CUB"]
[SourceTitle "EXT 2021"]
[Source "ChessBase"]
[SourceDate "2020.10.23"]
[SourceVersion "1"]
[SourceVersionDate "2020.10.23"]
[SourceQuality "1"]

1. c4 e5 2. Nc3 Nf6 3. Nf3 Nc6 4. g3 d5 5. cxd5 Nxd5 6. Bg2 Nb6 7. 0-0 Be7 8. d3 g5 9. Be3 g4 10. Nd2 h5 11. Rc1 Nd4 12. Nce4 h4 13. Bxd4 exd4 14. Nc5 c6 15. Re1 hxg3 16. hxg3 Rh5 17. Ndb3 a5 18. a4 Kf8 19. Rc2 Nd5 20. Rc4 Ne3 21. fxe3 Bg5 22. Be4 Qd6 23. Kg2 Rh3 24. Rg1 Rxg3+ 25. Kf1 Rxg1+ 26. Kxg1 Qg3+ 27. Kf1 Bxe3 0-1

[Event "Capablanca Memorial op 52nd"]
[Site "Matanzas"]
[Date "2017.05.27"]
[Round "1"]
[White "Bravo Navarro, Wilson"]
[Black "Ibanez Milian, Dagoberto"]
[Result "0-1"]
[WhiteElo "1985"]
[BlackElo "2202"]
[PlyCount "132"]
[EventDate "2017.05.27"]
[EventType "swiss"]
[EventRounds "10"]
[EventCountry "CUB"]
[SourceTitle "EXT 2018"]
[Source "ChessBase"]
[SourceDate "2017.10.13"]
[SourceVersion "1"]
[SourceVersionDate "2017.10.13"]
[SourceQuality "1"]

1. e4 c6 2. d4 g6 3. Nc3 Bg7 4. Nf3 d5 5. Be2 dxe4 6. Nxe4 Nf6 7. Nxf6+ exf6 8. 0-0 0-0 9. Be3 Be6 10. Qd2 Re8 11. Rfd1 Nd7 12. h3 b5 13. b3 Nb6 14. Rac1 Nd5 15. Bd3 b4 16. Re1 Nc3 17. a3 a5 18. Ra1 Qd7 19. Bc4 Bd5 20. Nh2 f5 21. Bxd5 Qxd5 22. Nf3 Qb5 23. axb4 axb4 24. Rxa8 Rxa8 25. Bh6 Ne4 26. Qf4 Bh8 27. Ng5 Nxg5 28. Bxg5 Qd5 29. Qd2 Qxd4 30. Qxd4 Bxd4 31. g3 Ra2 32. Re2 Kg7 33. Kg2 h6 34. Bf4 c5 35. Bd6 c4 36. Kf1 Ra1+ 37. Kg2 cxb3 38. cxb3 Bc3 39. Be5+ Bxe5 40. Rxe5 Rb1 41. Re3 Kf6 42. Kf3 g5 43. Rd3 h5 44. h4 gxh4 45. gxh4 Rh1 46. Kg3 Ke5 47. Re3+ Kd4 48. Rf3 Ke5 49. Re3+ Kf6 50. Rf3 Rg1+ 51. Kh3 Ke5 52. Re3+ Kf4 53. Rd3 Rh1+ 54. Kg2 Rxh4 55. f3 Ke5 56. Kg3 Rd4 57. Re3+ Kd5 58. f4 f6 59. Kh4 Rxf4+ 60. Kxh5 Kd4 61. Re6 Rf3 62. Kg6 Kc3 63. Kxf6 Kxb3 64. Rb6 Kc3 65. Rc6+ Kb2 66. Ke5 b3 0-1

[Event "Capablanca Memorial op-B 48th"]
[Site "Havana"]
[Date "2013.04.27"]
[Round "6"]
[White "Quesda Chow, Ismael"]
[Black "Ibanez Milian, Dagoberto"]
[Result "1-0"]
[WhiteElo "2217"]
[BlackElo "2136"]
[PlyCount "73"]
[EventDate "2013.04.21"]
[EventType "swiss"]
[EventRounds "9"]
[EventCountry "CUB"]
[SourceTitle "CBM 154 Extra"]
[Source "ChessBase"]
[SourceDate "2013.06.25"]
[SourceVersion "2"]
[SourceVersionDate "2013.06.25"]
[SourceQuality "1"]

1. e4 e6 2. d4 d5 3. Nc3 Bb4 4. e5 Qd7 5. a3 Bxc3+ 6. bxc3 b6 7. Qg4 f5 8. Qg3 Ba6 9. Bxa6 Nxa6 10. Ne2 c5 11. 0-0 Kf7 12. c4 dxc4 13. d5 Qxd5 14. Bg5 Re8 15. Rad1 Qb7 16. Rd6 Ne7 17. Rfd1 Nb8 18. Qh4 Ng6 19. Qxc4 Nxe5 20. Qc3 Ng6 21. Ng3 h6 22. Nh5 Rh7 23. Nf6 hxg5 24. Nxh7 Nf4 25. Nxg5+ Kg6 26. Qf3 Qxf3 27. Nxf3 Re7 28. Re1 Nd7 29. g3 Nh3+ 30. Kg2 Ng5 31. Nxg5 Kxg5 32. Rexe6 Rf7 33. f3 Nf6 34. h4+ Kh5 35. Kh3 Kg6 36. g4 fxg4+ 37. fxg4 1-0

[Event "Capablanca Memorial op-B 45th"]
[Site "Havana"]
[Date "2011.05.15"]
[Round "5"]
[White "Oliva Meneses, Juan Carlos"]
[Black "Ibanez Milian, Dagoberto"]
[Result "1/2-1/2"]
[WhiteElo "1996"]
[BlackElo "2205"]
[PlyCount "24"]
[EventDate "2011.05.11"]
[EventType "swiss"]
[EventRounds "7"]
[EventCountry "CUB"]
[SourceTitle "CBM 142 Extra"]
[Source "ChessBase"]
[SourceDate "2011.06.27"]
[SourceVersion "1"]
[SourceVersionDate "2011.06.27"]
[SourceQuality "1"]

1. Nf3 Nf6 2. b3 g6 3. Bb2 Bg7 4. e3 0-0 5. d4 d6 6. Be2 c5 7. dxc5 dxc5 8. Qxd8 Rxd8 9. 0-0 Nc6 10. Na3 Ne4 11. Bxg7 Kxg7 12. Bd3 Nc3 1/2-1/2

[Event "Capablanca Memorial op-B 45th"]
[Site "Havana"]
[Date "2011.05.13"]
[Round "3"]
[White "Vazquez Matos, Adolfo Antonio"]
[Black "Ibanez Milian, Dagoberto"]
[Result "1/2-1/2"]
[WhiteElo "2092"]
[BlackElo "2205"]
[PlyCount "76"]
[EventDate "2011.05.11"]
[EventType "swiss"]
[EventRounds "7"]
[EventCountry "CUB"]
[SourceTitle "CBM 142 Extra"]
[Source "ChessBase"]
[SourceDate "2011.06.27"]
[SourceVersion "1"]
[SourceVersionDate "2011.06.27"]
[SourceQuality "1"]

1. d4 Nf6 2. c4 c5 3. d5 e6 4. Nc3 exd5 5. cxd5 d6 6. Nf3 g6 7. Bf4 a6 8. h3 Bg7 9. e3 b5 10. a4 b4 11. Nb1 Bb7 12. Bc4 Qe7 13. 0-0 0-0 14. Qb3 Nbd7 15. a5 Rfe8 16. Nbd2 Nh5 17. Bh2 f5 18. Rfe1 Kh8 19. Bf4 Bf6 20. Bh2 Ne5 21. Bxe5 Bxe5 22. Nxe5 Qxe5 23. Nf3 Qf6 24. h4 h6 25. g3 Qf7 26. Rad1 Nf6 27. Qd3 Re4 28. Rf1 Ng4 29. b3 Qf6 30. Qb1 Kg7 31. Qa1 Ne5 32. Nxe5 Rxe5 33. Rd3 Rae8 34. Re1 f4 35. gxf4 Rh5 36. Qxf6+ Kxf6 37. Kg2 Rxh4 38. Kg3 g5 1/2-1/2

[Event "Capablanca Memorial op-B 45th"]
[Site "Havana"]
[Date "2011.05.12"]
[Round "2"]
[White "Ibanez Milian, Dagoberto"]
[Black "Gutierrez Espinosa, Karen"]
[Result "1-0"]
[WhiteElo "2205"]
[BlackElo "2094"]
[PlyCount "63"]
[EventDate "2011.05.11"]
[EventType "swiss"]
[EventRounds "7"]
[EventCountry "CUB"]
[SourceTitle "CBM 142 Extra"]
[Source "ChessBase"]
[SourceDate "2011.06.27"]
[SourceVersion "1"]
[SourceVersionDate "2011.06.27"]
[SourceQuality "1"]

1. e4 c5 2. Nf3 d6 3. d4 cxd4 4. Nxd4 Nf6 5. Nc3 g6 6. Bg5 Bg7 7. Qd2 0-0 8. Be2 Nc6 9. Nb3 Be6 10. 0-0 Rc8 11. Rad1 Ne5 12. Qe3 Nc4 13. Bxc4 Bxc4 14. Rfe1 b6 15. h3 Qc7 16. Nd4 Qc5 17. a3 a5 18. Na4 Qc7 19. b3 Ba6 20. c4 Qb8 21. Nb5 Bxb5 22. cxb5 Rc7 23. Rc1 Rfc8 24. Rxc7 Rxc7 25. f3 e6 26. Rd1 Ne8 27. Qf2 f5 28. exf5 gxf5 29. Be3 d5 30. Bxb6 Rc8 31. Qe2 Qd6 32. Bxa5 1-0

[Event "Maria Teresa Mora Memorial IM1"]
[Site "Havana"]
[Date "2010.03.14"]
[Round "9"]
[White "Espinosa Garcia, Sandra"]
[Black "Ibanez Milian, Dagoberto"]
[Result "1-0"]
[WhiteElo "2122"]
[BlackElo "2248"]
[PlyCount "89"]
[EventDate "2010.03.05"]
[EventType "tourn"]
[EventRounds "10"]
[EventCountry "CUB"]
[SourceTitle "EXT 2019"]
[Source "ChessBase"]
[SourceDate "2018.10.10"]
[SourceVersion "1"]
[SourceVersionDate "2018.10.10"]
[SourceQuality "1"]

1. d4 Nf6 2. c4 c5 3. d5 e6 4. Nc3 exd5 5. cxd5 d6 6. e4 g6 7. h3 Bg7 8. Nf3 0-0 9. Bd3 a6 10. a4 Nbd7 11. 0-0 Qc7 12. Bf4 Ne8 13. Re1 f6 14. Nd2 Ne5 15. Nc4 b6 16. Bf1 Rb8 17. Bg3 Kh8 18. f4 Nf7 19. Qe2 b5 20. axb5 axb5 21. Nd2 Bd7 22. Nd1 Qb7 23. Nf3 Nc7 24. Ne3 Rbe8 25. Qc2 Ra8 26. Rad1 Qb8 27. b3 Ra3 28. Qb2 Qa7 29. Nc2 Ra2 30. Qb1 Ra8 31. b4 Qa4 32. Re2 Na6 33. bxc5 Nxc5 34. Nb4 Rxe2 35. Bxe2 Re8 36. Nc6 Nxe4 37. Bxb5 Qa3 38. Re1 f5 39. Bf2 Ra8 40. Be3 Qc3 41. Qc1 Qxc1 42. Rxc1 Nc3 43. Bc4 Ra4 44. Bb3 Re4 45. Nfd4 1-0

[Event "Maria Teresa Mora Memorial IM1"]
[Site "Havana"]
[Date "2010.03.12"]
[Round "7"]
[White "Ramon Pita, Vivian"]
[Black "Ibanez Milian, Dagoberto"]
[Result "1-0"]
[WhiteElo "2254"]
[BlackElo "2248"]
[PlyCount "78"]
[EventDate "2010.03.05"]
[EventType "tourn"]
[EventRounds "10"]
[EventCountry "CUB"]
[SourceTitle "EXT 2019"]
[Source "ChessBase"]
[SourceDate "2018.10.10"]
[SourceVersion "1"]
[SourceVersionDate "2018.10.10"]
[SourceQuality "1"]

1. d4 d6 2. Nf3 Nf6 3. c4 Nbd7 4. Nc3 e5 5. Bg5 Be7 6. e3 0-0 7. Be2 Re8 8. 0-0 c6 9. h3 a6 10. a4 e4 11. Nd2 d5 12. cxd5 cxd5 13. Qb3 Qa5 14. Rfc1 Nb6 15. Bf4 Be6 16. Bc7 Bd8 17. Bd6 Nc8 18. Bb4 Qb6 19. a5 Qa7 20. Na4 Qb8 21. Qa3 Bc7 22. Rc3 Na7 23. Nb6 Bxb6 24. axb6 Nc6 25. Bd6 Qc8 26. Rac1 h6 27. Bc7 Nh7 28. Qd6 Ne7 29. Qh2 Qd7 30. Nb3 Nc8 31. Nc5 Qe7 32. Bd1 Ng5 33. h4 Nh7 34. Ba4 Rf8 35. Nxb7 Nxb6 36. Rc6 Nc8 37. Nc5 Ra7 38. Bb8 Nf6 39. Bxa7 Nxa7 1-0

[Event "Maria Teresa Mora Memorial IM1"]
[Site "Havana"]
[Date "2010.03.09"]
[Round "4"]
[White "Ibanez Milian, Dagoberto"]
[Black "Espinosa Garcia, Sandra"]
[Result "1/2-1/2"]
[WhiteElo "2248"]
[BlackElo "2122"]
[PlyCount "41"]
[EventDate "2010.03.05"]
[EventType "tourn"]
[EventRounds "10"]
[EventCountry "CUB"]
[SourceTitle "EXT 2019"]
[Source "ChessBase"]
[SourceDate "2018.10.10"]
[SourceVersion "1"]
[SourceVersionDate "2018.10.10"]
[SourceQuality "1"]

1. e4 c5 2. Nf3 Nc6 3. Nc3 g6 4. d4 cxd4 5. Nxd4 Bg7 6. Be3 Nf6 7. Bb5 0-0 8. 0-0 Ng4 9. Qxg4 Nxd4 10. Bd3 d5 11. Qh4 dxe4 12. Qxe4 Bf5 13. Qxb7 Bxd3 14. cxd3 Nc2 15. Rad1 Nxe3 16. fxe3 Rb8 17. Qxa7 Rxb2 18. Ne4 f5 19. Nf2 Bf6 20. Rb1 Qa8 21. Qd7 1/2-1/2

[Event "Maria Teresa Mora Memorial IM1"]
[Site "Havana"]
[Date "2010.03.06"]
[Round "2"]
[White "Ibanez Milian, Dagoberto"]
[Black "Ramon Pita, Vivian"]
[Result "1-0"]
[WhiteElo "2248"]
[BlackElo "2254"]
[PlyCount "60"]
[EventDate "2010.03.05"]
[EventType "tourn"]
[EventRounds "10"]
[EventCountry "CUB"]
[SourceTitle "EXT 2019"]
[Source "ChessBase"]
[SourceDate "2018.10.10"]
[SourceVersion "1"]
[SourceVersionDate "2018.10.10"]
[SourceQuality "1"]

1. d4 Nf6 2. Bg5 g6 3. Nc3 h6 4. Bh4 d5 5. e3 Bg7 6. h3 c6 7. Bd3 b5 8. Nf3 Nbd7 9. Qe2 a6 10. e4 b4 11. Na4 dxe4 12. Bxe4 Nxe4 13. Qxe4 Nf6 14. Bxf6 Bxf6 15. Ne5 0-0 16. 0-0-0 Qc7 17. f4 Bf5 18. Qe1 Qa5 19. b3 Qb5 20. g4 Be6 21. Nxg6 Bxb3 22. axb3 fxg6 23. Qe4 Bg7 24. Rhf1 Rad8 25. Rf2 Rd6 26. f5 Bf6 27. Kb1 g5 28. Rdd2 Rfd8 29. Nb2 c5 30. d5 Qa5 1-0

[Event "Havana Provincial-ch final"]
[Site "Havana"]
[Date "2009.11.03"]
[Round "15"]
[White "Lopez, Vilier Luis A"]
[Black "Ibanez Milian, Dagoberto"]
[Result "1-0"]
[WhiteElo "2268"]
[BlackElo "2236"]
[PlyCount "113"]
[EventDate "2009.10.16"]
[EventType "tourn"]
[EventRounds "17"]
[EventCountry "CUB"]
[SourceTitle "CBM 133 Extra"]
[Source "ChessBase"]
[SourceDate "2010.01.05"]
[SourceVersion "1"]
[SourceVersionDate "2010.01.05"]
[SourceQuality "1"]

1. Nf3 Nf6 2. d4 g6 3. Bg5 Bg7 4. e3 h6 5. Bh4 g5 6. Bg3 d6 7. Nbd2 Nc6 8. c3 Nh5 9. Bc4 Nxg3 10. hxg3 e5 11. d5 Ne7 12. e4 a6 13. Nf1 Bd7 14. N3d2 b5 15. Bb3 Qb8 16. g4 a5 17. a3 Ng8 18. Ng3 Nf6 19. Nh5 Nxh5 20. Rxh5 Qc8 21. f3 Qb7 22. Nf1 Qb6 23. Qd2 Ke7 24. Qe3 Qxe3+ 25. Nxe3 b4 26. cxb4 Rhb8 27. Kd2 axb4 28. a4 Rb5 29. Rhh1 Rba5 30. Rhc1 Kd8 31. Ra2 R5a6 32. Rc4 Bxa4 33. Rxa4 Rxa4 34. Bxa4 Rxa4 35. Nc2 Kd7 36. Rxb4 Ra8 37. Rb7 Rh8 38. Nb4 Bf6 39. Nc6 h5 40. Rb8 Rh7 41. gxh5 Rxh5 42. Rf8 Rh7 43. b4 g4 44. fxg4 Bg5+ 45. Kd3 Rh4 46. Rxf7+ Ke8 47. Rxc7 Rxg4 48. Rg7 Kf8 49. Rg6 Rxg2 50. b5 Kf7 51. Rxd6 Rb2 52. Nxe5+ Ke8 53. Re6+ Kf8 54. b6 Bd8 55. Kc4 Kg7 56. Kc5 Bh4 57. Kc6 1-0

[Event "Havana Provincial-ch final"]
[Site "Havana"]
[Date "2009.10.29"]
[Round "11"]
[White "Ibanez Milian, Dagoberto"]
[Black "Larrua Gonzalez, Fernando Oscar"]
[Result "1/2-1/2"]
[WhiteElo "2236"]
[BlackElo "2255"]
[PlyCount "150"]
[EventDate "2009.10.16"]
[EventType "tourn"]
[EventRounds "17"]
[EventCountry "CUB"]
[SourceTitle "CBM 133 Extra"]
[Source "ChessBase"]
[SourceDate "2010.01.05"]
[SourceVersion "1"]
[SourceVersionDate "2010.01.05"]
[SourceQuality "1"]

1. e4 e5 2. Nf3 Nc6 3. Bb5 a6 4. Ba4 Nf6 5. 0-0 b5 6. Bb3 Bc5 7. d3 d6 8. c3 0-0 9. Bg5 h6 10. Bxf6 Qxf6 11. Bd5 Bd7 12. d4 Bb6 13. a4 Rad8 14. axb5 axb5 15. dxe5 dxe5 16. Bxc6 Bxc6 17. Qe2 Qf4 18. Nbd2 Rd6 19. Rfe1 Rfd8 20. Nf1 g6 21. c4 bxc4 22. Qxc4 Kg7 23. Ra3 Bb7 24. Qc3 Rd3 25. Qb4 R3d4 26. Qe7 R8d7 27. Qe8 Rd8 28. Qe7 R8d7 29. Qe8 Rd8 30. Qe7 Rd1 31. Ra1 Rxa1 32. Rxa1 Qf6 33. Qxe5 Qxe5 34. Nxe5 Bxe4 35. Nc4 Bd4 36. Rc1 Bd3 37. b4 Bxc4 38. Rxc4 Bb6 39. g3 Rd4 40. Ne3 Rxc4 41. Nxc4 Kf6 42. Kf1 Ke6 43. Ke2 Bd4 44. f3 Bc3 45. b5 Bd4 46. h3 Kd5 47. Kd3 f5 48. g4 fxg4 49. fxg4 Bg1 50. Nd2 Bh2 51. Nf3 Bg3 52. Nd2 Bf4 53. Nf3 h5 54. Nh4 g5 55. Ng6 hxg4 56. Nxf4+ gxf4 57. hxg4 Ke5 58. Ke2 Kf6 59. Kf2 Kg6 60. Kg2 Kf6 61. Kf2 Kg6 62. Ke2 Kf6 63. Kf2 Kg6 64. Kg2 Kf6 65. Kf2 Ke6 66. Kf3 Ke5 67. g5 Kf5 68. g6 Kxg6 69. Kxf4 Kf6 70. Ke4 Ke6 71. Kd4 Kd6 72. Kc4 Ke6 73. Kc5 Kd7 74. Kd5 Kc8 75. Kc6 Kb8 1/2-1/2